| 000 | 00652cam a2200193 4500500 | ||
|---|---|---|---|
| 005 | 20260405003905.0 | ||
| 041 | _afre | ||
| 042 | _adc | ||
| 245 | 0 | 0 | _a“Voulons-nous encore vivre ensemble ?”, de Pierre-Henri Tavoillot : la convivialité est une responsabilité |
| 260 | _c2024. | ||
| 500 | _a8 | ||
| 690 | _aConvivialité | ||
| 690 | _aIdentité | ||
| 690 | _aPierre-Henri Tavoillot | ||
| 690 | _aResponsabilité | ||
| 690 | _awoke | ||
| 786 | 0 | _nPhilosophie magazine | 185 | 12 | 2024-12-01 | p. 52-52 | 1951-1787 | |
| 856 | 4 | 1 | _uhttps://shs.cairn.info/magazine-philosophie-magazine-2024-12-page-52?lang=fr&redirect-ssocas=7080 |
| 999 |
_c2071821 _d2071821 |
||